000
00330nam a22001457a 4500
008
250422b ||||| |||| 00| 0 eng d
020
_a
7696433
041
_a
eng
080
_2
1971
_a
101KEA
082
_2
101KEA
_a
101KEA
100
_a
42
101
_a
FILOZOFI
245
_a
SCIENCE AND CHANGE
_c
HUGH KEARNEY
942
_2
udc
_c
BK
999
_c
60670
_d
60670